LEADER 01212nam2-2200373---450- 001 990005840060203316 005 20130509133425.0 010 $a978-1-4073-1071-8 035 $a000584006 035 $aUSA01000584006 035 $a(ALEPH)000584006USA01 035 $a000584006 100 $a20130508d2013----km-y0itay50------ba 101 0 $aeng 102 $aGB 105 $aa---||||001yy 200 1 $aComputer-Generated 3d-Visualisations in Archaeology$eBetween added value and deception$fJoyce Wittur 210 $aOxford$cArcheopress$d2013 215 $aXVIII, 276 p.$cill.$d30 cm$eCD 225 2 $aBAR International series$v2463 410 0$1001000018484$12001$aBAR International series$v, 2463 606 1 $aArcheologia$2BNCF 676 $a937.63 700 1$aWITTUR,$bJoyce$0616910 801 0$aIT$bsalbc$gISBD 912 $a990005840060203316 951 $aXI.5. Coll. 12/ 1137$b239843 L.M.$cXI.5. Coll.$d00292069 959 $aBK 969 $aUMA 979 $aPASSARO$b90$c20130508$lUSA01$h0917 979 $aPASSARO$b90$c20130508$lUSA01$h0918 979 $aPASSARO$b90$c20130509$lUSA01$h1334 996 $aComputer-Generated 3d-Visualisations in Archaeology$91087364 997 $aUNISA LEADER 01197nam a22002771i 4500 001 991002820709707536 005 20040401131312.0 008 040624s1974 gw a||||||||||||||||ger 035 $ab1298310x-39ule_inst 035 $aARCHE-094078$9ExL 040 $aDip.to Beni Culturali$bita$cA.t.i. Arché s.c.r.l. Pandora Sicilia s.r.l. 082 04$a937 100 1 $aMüller Karpe, Hermann$0183980 245 10$aKupferzeit /$cHermann Müller-Karpe 260 $aMünchen :$bC.H. Beck,$c1974 300 $a3 v. (1125 p. compless.) :$bill. ;$c28 cm 440 0$aHandbuch der Vorgeschichte ;$v3 650 4$aPreistoria$xManuali 907 $a.b1298310x$b02-04-14$c12-07-04 912 $a991002820709707536 945 $aLE001 H 7c 4$g1$i2001000064878$lle001$nV. 3.1. - C. 1$o-$pE0.00$q-$rl$s- $t0$u0$v0$w0$x0$y.i1358747x$z12-07-04 945 $aLE001 H 7c/1 4$g1$i2001000064830$lle001$nV. 3.2. - C. 1$o-$pE0.00$q-$rl$s- $t0$u0$v0$w0$x0$y.i13587481$z12-07-04 945 $aLE001 H 7c/2 4$g1$i2001000064885$lle001$nV. 3.3. - C. 1$o-$pE0.00$q-$rl$s- $t0$u0$v0$w0$x0$y.i13587493$z12-07-04 996 $aKupferzeit$9285464 997 $aUNISALENTO 998 $ale001$b12-07-04$cm$da $e-$fger$ggw $h0$i3